Modern Electrodynamics (Record no. 51450)

MARC details
000 -LEADER
fixed length control field 00596nam a2200157 a 4500
008 - FIXED-LENGTH DATA ELEMENTS--GENERAL INFORMATION
fixed length control field 200709s2013 ||||||||||||||||| || u
020 ## - INTERNATIONAL STANDARD BOOK NUMBER
International Standard Book Number 9780521896979
050 ## - LIBRARY OF CONGRESS CALL NUMBER
Classification number QC 631 Zan
100 ## - MAIN ENTRY--PERSONAL NAME
Personal name Zangwill, Andrew
245 10 - TITLE STATEMENT
Title Modern Electrodynamics
Statement of responsibility, etc. By Andrew Zangwill
260 ## - PUBLICATION, DISTRIBUTION, ETC.
Place of publication, distribution, etc. Cambridge
Name of publisher, distributor, etc. Cambridge University Press
Date of publication, distribution, etc. 2013
300 ## - PHYSICAL DESCRIPTION
Extent xxi, 977 pages : illustrations
650 ## - SUBJECT ADDED ENTRY--TOPICAL TERM
Topical term or geographic name entry element ELECTRODYNAMICS
650 #0 - SUBJECT ADDED ENTRY--TOPICAL TERM
Topical term or geographic name entry element ELECTROMAGNETISM
995 ## - RECOMMENDATION 995 [LOCAL, UNIMARC FRANCE]
-- 80.59
-- CBU-MAIN LIBRARY (Kitwe)
-- 1
-- AVAILABLE
-- Jul 15, 2020
-- Main Library Open Access Collection
Holdings
Withdrawn status Lost status Source of classification or shelving scheme Damaged status Not for loan Home library Current library Shelving location Date acquired Total Checkouts Full call number Barcode Date last seen Price effective from Koha item type
          CBU-MAIN LIBRARY, KITWE. CBU-MAIN LIBRARY, KITWE.   11/30/2022   QC 631 Zan 750292 11/30/2022 11/30/2022 MONOGRAPH